Statistics for English Premier League Top Scorer Quiz

Click here to take the quiz!

General Stats

  • This quiz has been taken 44 times
    (7 since last reset)
  • The average score is 6 of 10

Answer Stats

GoalsPlayer% Correct
166Harry Kane
100%
208Wayne Rooney
83%
260Alan Shearer
67%
177Frank Lampard
67%
150Michael Owen
67%
187Andy Cole
50%
163Robbie Fowler
50%
184Sergio Aguero
50%
175Thierry Henry
50%
162Jermain Defoe
33%

Score Distribution

Percentile by Number Answered

Percent of People with Each Score

Your Score History

You have not taken this quiz since the last reset